Los 10 mejores juegos del mundo / (Record no. 15082)

000 -CABECERA
fixed length control field 00732nam a22002057a 4500
003 - IDENTIFICADOR DEL NÚMERO DE CONTROL
control field AR-CdUCM
008 - DATOS DE LONGITUD FIJA--INFORMACIÓN GENERAL
fixed length control field 190425b ||||| |||| 00| 0 spa d
020 ## - NÚMERO INTERNACIONAL ESTÁNDAR DEL LIBRO
ISBN 978-84-9825-616-1
040 ## - FUENTE DE LA CATALOGACIÓN
Agencia/entidad que catalogó originalmente la obra MUNICIPALIDAD PROVINCIAL DEL CUSCO
Entidad que transcribió la catalogación BIBLIOTECA MUNICIPAL DEL CUSCO
082 ## - NÚMERO DE LA CLASIFICACIÓN DECIMAL DEWEY
No. de Clasificación PI / 376.1 /
Notacion interna N22
100 ## - ENTRADA PRINCIPAL--NOMBRE DE PERSONA
Nombre Personal Navarro, Ángels
245 ## - MENCIÓN DE TÍTULO
Título Los 10 mejores juegos del mundo /
260 ## - PUBLICACIÓN, DISTRIBUCIÓN, ETC.
Lugar de publicación, distribución, etc. Barcelona :
Nombre de la editorial, distribuidor, etc. Combel,
Fecha de publicación, distribución, etc. 2010.
300 ## - DESCRIPCIÓN FÍSICA
Nº de Páginas Extensión 10 paginas ;
Otros detalles físicos Ilustraciones,
Dimensiones 27 cm.
Material acompañante 10 tableros, las instrucciones de cada juego mas 100 fichas y un dado
650 ## - PUNTO DE ACCESO ADICIONAL DE MATERIA--TÉRMINO DE MATERIA
Descriptor Juegos grandiosos para niños
9 (RLIN) 34098
650 ## - PUNTO DE ACCESO ADICIONAL DE MATERIA--TÉRMINO DE MATERIA
Descriptor Juegos del mundo
9 (RLIN) 34099
650 ## - PUNTO DE ACCESO ADICIONAL DE MATERIA--TÉRMINO DE MATERIA
Descriptor Aprende a jugar
9 (RLIN) 34100
942 ## - ELEMENTOS DE PUNTO DE ACCESO ADICIONAL (KOHA)
Fuente de clasificación
Tipo de item Libros-BMC
945 ## - PROCESAMIENTO DE INFORMACIÓN LOCAL (OCLC)
Catalogador wnts
AAAA-MM-DD - Fecha de ingreso o modificacion 2019-04-25
Holdings
Estado de retiro (separado) Fuente de clasificación o esquema de estanterías Estado dañado Ubicación Sala donde se ubica Nombre de la colección Fecha de adquisición o compra Costo, precio normal en soles Signatura topográfica Código de Barras Última vez visto (Koha) Tipo de ítem (Koha)
No     Sala de Infantes Sala de Infantes Children's Area 2019-04-25 80.00 PI / 376.1 / N22 SI00003317 2019-04-25 Libros-BMC
No     Sala de Infantes Sala de Infantes Children's Area 2019-04-25 80.00 PI / 376.1 / N22 / e.2 SI00003318 2019-04-25 Libros-BMC

Powered by Koha